Pays par leur première dames en image - Statistiques

Statistiques générales
  • Ce quiz a été pris 15 fois
  • Le résultat moyen est 5 sur 12
Statistiques - réponses
Par images Réponse % Correct
France
100%
Chine
82%
Ukraine
55%
Cameroun
45%
République Démocratique du Congo
45%
République du Congo
45%
Etats-Unis
36%
Royaume Uni
36%
Côte d’Ivoire
27%
Turquie
27%
Canada
18%
Israël
0%
Aucun quiz correspondant
Distribution des résultats
% des personnes avec chaque résultat
Percentile par nombre de réponses
Votre historique - résultats
Vous n’avez pas pris ce quiz